Etické predpoklady ekonomického rastu

Gespeichert in:
Bibliographische Detailangaben
1. Verfasser: Lisý, Ján
Format: Buchkapitel
Sprache:Slowakisch
Tags: Tag hinzufügen
Keine Tags, Fügen Sie das erste Tag hinzu!

MARC

LEADER 00000naa$a2200000$$$4500
001 0112575
005 20240502072242.2
041 0 |a slo 
044 |a SK 
245 1 0 |a Etické predpoklady ekonomického rastu  |c Ján Lisý 
100 1 |a Lisý, Ján